Energy design for architects / (Record no. 355281)
[ view plain ]
| 000 -LEADER | |
|---|---|
| fixed length control field | 00697nam a2200241 a 4500 |
| 001 - CONTROL NUMBER | |
| control field | ASIN0132777665 |
| 003 - CONTROL NUMBER IDENTIFIER | |
| control field | Nust- CAS-E |
| 005 - DATE AND TIME OF LATEST TRANSACTION | |
| control field | 20180118181356.0 |
| 008 - FIXED-LENGTH DATA ELEMENTS--GENERAL INFORMATION | |
| fixed length control field | 140305s1989 xxu eng d |
| 020 ## - INTERNATIONAL STANDARD BOOK NUMBER | |
| International Standard Book Number | 0132777665 |
| Terms of availability | $54.00 |
| 020 ## - INTERNATIONAL STANDARD BOOK NUMBER | |
| International Standard Book Number | 9780132777667 |
| 040 ## - CATALOGING SOURCE | |
| Transcribing agency | 0 |
| 050 04 - LIBRARY OF CONGRESS CALL NUMBER | |
| Classification number | NA2542.3 |
| 082 04 - DEWEY DECIMAL CLASSIFICATION NUMBER | |
| Classification number | 721 |
| Author Mark | ENE 1989 |
| 245 10 - TITLE STATEMENT | |
| Title | Energy design for architects / |
| Statement of responsibility, etc. | Alexander Shaw. |
| 260 ## - PUBLICATION, DISTRIBUTION, ETC. | |
| Place of publication, distribution, etc. | [S.l.] : |
| Name of publisher, distributor, etc. | Fairmont Pr, |
| Date of publication, distribution, etc. | 1989. |
| 300 ## - PHYSICAL DESCRIPTION | |
| Extent | 349 p. |
| 650 #0 - SUBJECT ADDED ENTRY--TOPICAL TERM | |
| Topical term or geographic name entry element | Architecture and energy conservation |
| 650 #0 - SUBJECT ADDED ENTRY--TOPICAL TERM | |
| Topical term or geographic name entry element | United States |
| 700 1# - ADDED ENTRY--PERSONAL NAME | |
| Personal name | Shaw, Alexander. |
| 856 40 - ELECTRONIC LOCATION AND ACCESS | |
| Materials specified | Amazon.com |
| Uniform Resource Identifier | <a href="http://www.amazon.com/exec/obidos/ASIN/0132777665/chopaconline-20">http://www.amazon.com/exec/obidos/ASIN/0132777665/chopaconline-20</a> |
| 942 ## - ADDED ENTRY ELEMENTS (KOHA) | |
| Source of classification or shelving scheme | |
| Koha item type | Book |
| Withdrawn status | Lost status | Source of classification or shelving scheme | Damaged status | Not for loan | Collection code | Permanent Location | Current Location | Shelving location | Date acquired | Source of acquisition | Total Checkouts | Full call number | Barcode | Date last seen | Copy number | Cost, replacement price | Price effective from | Koha item type |
|---|---|---|---|---|---|---|---|---|---|---|---|---|---|---|---|---|---|---|
| US-Pakistan Center for Advanced Studies in Energy (USPCAS-E) | US-Pakistan Center for Advanced Studies in Energy (USPCAS-E) | General Stacks | 04/16/2013 | Victoria co | 721 ENE 1989 | CAS-E0000154 | 03/05/2014 | 01 | 6077.00 | 03/05/2014 | Book | |||||||
| US-Pakistan Center for Advanced Studies in Energy (USPCAS-E) | US-Pakistan Center for Advanced Studies in Energy (USPCAS-E) | General Stacks | 04/16/2013 | Victoria co | 721 ENE 1989 | CAS-E0000155 | 03/05/2014 | 02 | 6077.00 | 03/05/2014 | Book |
